Maisie Peters - Place We Were Made - Statistics

General Stats
  • This quiz has been taken 17 times
  • The average score is 271 of 316
Answer Stats
Answer % Correct
a
100%
All
100%
And
100%
and
100%
away
100%
By
100%
by
100%
far
100%
how
100%
I
100%
is
100%
know
100%
made
100%
Made
100%
matter
100%
No
100%
on
100%
place
100%
that
100%
the
100%
This
100%
to
100%
we
100%
were
100%
We're
100%
keep
92%
night,
92%
secrets
92%
small
92%
town,
92%
beach
83%
every
83%
feeling
83%
leaving
83%
our
83%
smoke
83%
streetlight
83%
walls
83%
You
83%
your
83%
about
75%
brother's
75%
ceiling
75%
colours
75%
dad
75%
don't
75%
fade
75%
from
75%
girlfriend's
75%
home
75%
ID
75%
late
75%
like
75%
my
75%
nights
75%
Pretending
75%
someone's
75%
stolen
75%
talk
75%
will
75%
with
75%
boots,
67%
bottle
67%
dream
67%
drinks
67%
fields
67%
fires
67%
heels
67%
in
67%
living
67%
maybe
67%
Maybe
67%
Ordering
67%
Put
67%
Saturday
67%
Stumbling
67%
Til
67%
we'd
67%
Anywhere
58%
carry
58%
even
58%
meet
58%
over
58%
somewhere
58%
take
58%
Till
58%
us
58%
'bout
50%
boys,
50%
bus,
50%
choke
50%
ex
50%
for
50%
hair
50%
now
50%
Talking
50%
Wait
50%
call
42%
cold
42%
down
42%
Freezing
42%
Gin
42%
her
42%
playing
42%
poker
42%
shed
42%
straighten
42%
band
33%
face,
33%
Painting
33%
that's
33%
Ooh-ooh,
0%
ooh-ooh
0%
Ooh-ooh
0%
No matching quizzes found
Score Distribution
Percent of People with Each Score
Percentile by Number Answered
Your Score History
You have not taken this quiz